00568nam a22001697a 450000500170000001000210001702000420003803500170008003700290009708200140012610000170014024500720015726000320022927000940026130000250035570000180038020180502105155.0 a1718EN-30  a9789386432957 B-687061-092c2295.00 aB-687061-092 bIndex Internationaladpl a343.94055 aGarg, Rakesh aGST guide with ready reckoner /c by Rakesh garg [and] Sandeep garg aNew DelhibBloomsburyc2017 a2nd Floor, Building No.4, DDA Complex LSC, Pocket-C-6&&, Vasant Kunj, bNew Delhie110070v axl,1326p.c22cm(pbk) aGarg, Sandeep